[Event "EU-ch U16 31st"]
[Site "Mamaia"]
[Date "2023.09.05"]
[Round "1"]
[White "Makay, Mark Janos"]
[Black "De Winter, Arthur"]
[Result "0-1"]
[WhiteElo "2016"]
[BlackElo "2393"]
[PlyCount "116"]
[EventDate "2023.09.05"]
[EventType "swiss"]
[EventRounds "9"]
[EventCountry "ROU"]
[SourceTitle "EXT 2024"]
[Source "ChessBase"]
[SourceDate "2023.10.10"]
[SourceVersion "1"]
[SourceVersionDate "2023.10.10"]
[SourceQuality "1"]

1. e4 e5 2. Nf3 Nc6 3. Bc4 Nf6 4. Ng5 d5 5. exd5 b5 6. Bf1 Nxd5 7. Bxb5 Bb7 8. d3 h6 9. Ne4 Qd7 10. Nbc3 Nb6 11. Be3 0-0-0 12. Na4 Nxa4 13. Bxa4 f5 14. Nc3 Qe6 15. Qe2 Qg6 16. f3 Nd4 17. Qf2 Bc5 18. 0-0-0 Qb6 19. Rhe1 g5 20. Bb3 Bc6 21. Kb1 a5 22. a4 Rhe8 23. Bc4 Bb4 24. Bxd4 Rxd4 25. Nb5 Bxe1 26. Rxe1 Bxb5 27. axb5 Rdd8 28. Qg3 Qf6 29. Qf2 Kb8 30. Qd2 Qb6 31. Qc3 Rd4 32. b3 Re7 33. Kb2 h5 34. Ra1 Rd6 35. Rxa5 Qd4 36. Ra1 g4 37. Re1 Qxc3+ 38. Kxc3 Rd4 39. Re2 Kc8 40. Kd2 gxf3 41. gxf3 Kd7 42. Rg2 Rh4 43. Ke3 Rh3 44. Bd5 Kd6 45. Bc4 e4 46. dxe4 fxe4 47. Rg3 exf3+ 48. Kxf3 Rxh2 49. Rg6+ Kc5 50. c3 Rh3+ 51. Kg2 Rxc3 52. Rg5+ Kb4 53. Rxh5 Rd7 54. Kf2 Rd2+ 55. Ke1 Ra2 56. Rd5 Rh3 57. Rf5 Rh1+ 58. Rf1 Rhh2 0-1

[Event "Budapest FS07 Schev"]
[Site "Budapest"]
[Date "2023.07.10"]
[Round "9.1"]
[White "Szalanczy, Emil"]
[Black "Makay, Mark Janos"]
[Result "0-1"]
[WhiteElo "1916"]
[BlackElo "2040"]
[PlyCount "154"]
[EventDate "2023.07.01"]
[EventType "schev"]
[EventRounds "10"]
[EventCountry "HUN"]
[SourceTitle "EXT 2024"]
[Source "ChessBase"]
[SourceDate "2023.10.10"]
[SourceVersion "1"]
[SourceVersionDate "2023.10.10"]
[SourceQuality "1"]
[WhiteTeam "Team Higher Elo"]
[BlackTeam "Team Lower Elo"]
[WhiteTeamCountry "HUN"]
[BlackTeamCountry "HUN"]

1. e4 c5 2. Nf3 e6 3. d4 cxd4 4. Nxd4 a6 5. Nc3 Qc7 6. Bd3 Nf6 7. 0-0 Bc5 8. Be3 d6 9. Na4 b5 10. Nc3 Bb7 11. a3 0-0 12. Re1 Nbd7 13. h3 Ne5 14. Qe2 Qb6 15. Nb3 Bxe3 16. Qxe3 Qxe3 17. Rxe3 Rac8 18. Na5 Ba8 19. Rd1 Rfd8 20. Bf1 Nc6 21. Nxc6 Bxc6 22. f3 Kf8 23. Red3 Ke7 24. Rd4 d5 25. e5 Nd7 26. f4 Rb8 27. Bd3 g6 28. h4 h5 29. Re1 Nc5 30. Re3 Rdc8 31. Kf2 Bd7 32. b4 Nb7 33. Ne2 Nd8 34. Rg3 Nc6 35. Ke3 a5 36. Kd2 axb4 37. axb4 Rc7 38. Rg5 Ra7 39. Ke3 Ra4 40. c3 Ra3 41. g4 hxg4 42. Rxg4 Nxd4 43. Kxd4 Rh8 44. Ng1 Ra2 45. Nf3 Ra1 46. Rg2 Ra3 47. Rh2 Rc8 48. Rc2 Rca8 49. Rh2 Ra2 50. Bc2 Rc8 51. Bd3 Ra1 52. h5 gxh5 53. Rxh5 Rd1 54. f5 Rc4+ 55. Ke3 Rxc3 56. f6+ Kd8 57. Nd2 Rg1 58. Kd4 Ra3 59. Rh3 Rg4+ 60. Kc5 Kc7 61. Be2 Rxh3 62. Bxg4 Rc3+ 63. Kd4 Rc2 64. Kd3 Rc1 65. Nf3 Rc4 66. Nd4 Rxb4 67. Bh5 Be8 68. Nxe6+ fxe6 69. Bxe8 Kd8 70. Bc6 Re4 71. Bxb5 Rxe5 72. f7 Ke7 73. Be8 Rf5 74. Kd4 Rxf7 75. Bb5 Kd6 76. Bd3 e5+ 77. Ke3 e4 0-1

[Event "Budapest FS07 Schev"]
[Site "Budapest"]
[Date "2023.07.02"]
[Round "2.3"]
[White "Makay, Mark Janos"]
[Black "Farago, Sandor"]
[Result "0-1"]
[WhiteElo "2040"]
[BlackElo "2112"]
[PlyCount "92"]
[EventDate "2023.07.01"]
[EventType "schev"]
[EventRounds "10"]
[EventCountry "HUN"]
[SourceTitle "EXT 2024"]
[Source "ChessBase"]
[SourceDate "2023.10.10"]
[SourceVersion "1"]
[SourceVersionDate "2023.10.10"]
[SourceQuality "1"]
[WhiteTeam "Team Lower Elo"]
[BlackTeam "Team Higher Elo"]
[WhiteTeamCountry "HUN"]
[BlackTeamCountry "HUN"]

1. e4 c5 2. Nf3 e6 3. d4 cxd4 4. Nxd4 Nf6 5. Nc3 Nc6 6. Ndb5 d6 7. Bf4 e5 8. Bg5 a6 9. Na3 Be7 10. Bxf6 Bxf6 11. Nd5 0-0 12. g3 b5 13. c4 Nd4 14. Bg2 Qa5+ 15. Qd2 Qxd2+ 16. Kxd2 Bd8 17. cxb5 axb5 18. Nc2 Nxc2 19. Kxc2 f5 20. f4 fxe4 21. Bxe4 Ra4 22. b4 exf4 23. gxf4 Bf6 24. Nxf6+ Rxf6 25. a3 Rxf4 26. Bd5+ Kf8 27. Rhf1 Rf5 28. Be4 Rxf1 29. Rxf1+ Ke7 30. Kb2 Be6 31. Bxh7 Bc4 32. Rf3 Ra8 33. Bd3 d5 34. Bxc4 bxc4 35. Rf5 Ke6 36. Rg5 Ra7 37. h4 Rf7 38. b5 Kd6 39. Rg6+ Kc5 40. b6 Rb7 41. Kc2 d4 42. h5 Rxb6 43. Rxg7 d3+ 44. Kc1 c3 45. Rc7+ Kd4 46. Rd7+ Kc4 0-1

[Event "Budapest FS07 Schev"]
[Site "Budapest"]
[Date "2023.07.01"]
[Round "1.4"]
[White "Poor, Sandor"]
[Black "Makay, Mark Janos"]
[Result "1/2-1/2"]
[WhiteElo "1935"]
[BlackElo "2040"]
[PlyCount "97"]
[EventDate "2023.07.01"]
[EventType "schev"]
[EventRounds "10"]
[EventCountry "HUN"]
[SourceTitle "EXT 2024"]
[Source "ChessBase"]
[SourceDate "2023.10.10"]
[SourceVersion "1"]
[SourceVersionDate "2023.10.10"]
[SourceQuality "1"]
[WhiteTeam "Team Higher Elo"]
[BlackTeam "Team Lower Elo"]
[WhiteTeamCountry "HUN"]
[BlackTeamCountry "HUN"]

1. d4 Nf6 2. c4 g6 3. Nc3 d5 4. Bg5 Ne4 5. h4 Bg7 6. cxd5 Nxc3 7. bxc3 Qxd5 8. e3 c5 9. Nf3 Nc6 10. Qa4 cxd4 11. cxd4 0-0 12. Rc1 e5 13. Bc4 Qd6 14. dxe5 Nxe5 15. Nxe5 Qxe5 16. 0-0 a6 17. Qb3 b5 18. Bd5 Ra7 19. Rc5 Be6 20. Rfc1 Bxd5 21. Rxd5 Qb2 22. Qxb2 Bxb2 23. Rc2 Bg7 24. e4 Re8 25. Rc6 h6 26. Be3 Raa8 27. h5 g5 28. f3 Rec8 29. Rdc5 Rxc6 30. Rxc6 b4 31. Rb6 a5 32. Kf1 Bf8 33. Ke2 Rc8 34. Kd3 Bc5 35. Bxc5 Rxc5 36. a3 bxa3 37. Rb3 Kg7 38. Rxa3 Kf6 39. Ke3 Rb5 40. g3 Ke6 41. f4 g4 42. Rc3 Rxh5 43. f5+ Kf6 44. Kf4 Rh2 45. e5+ Kg7 46. Ra3 Rb2 47. Rxa5 Rb4+ 48. Ke3 Rb3+ 49. Kf4 1/2-1/2

[Event "HUN-chT U18"]
[Site "Budapest"]
[Date "2022.11.01"]
[Round "2.5"]
[White "Toth, Nikoletta"]
[Black "Makay, Mark Janos"]
[Result "1/2-1/2"]
[WhiteElo "1874"]
[BlackElo "1761"]
[PlyCount "144"]
[EventDate "2022.10.31"]
[EventType "team-swiss"]
[EventRounds "7"]
[EventCountry "HUN"]
[SourceTitle "CBM 211 Extra"]
[Source "ChessBase"]
[SourceDate "2023.01.31"]
[SourceVersion "1"]
[SourceVersionDate "2023.01.31"]
[SourceQuality "1"]
[WhiteTeam "Paks ASE"]
[BlackTeam "Biatorbagy"]
[WhiteTeamCountry "HUN"]
[BlackTeamCountry "HUN"]

1. Nf3 Nf6 2. g3 d5 3. Bg2 c6 4. 0-0 Bf5 5. d3 h6 6. b3 e6 7. Bb2 Be7 8. Nbd2 0-0 9. c4 a5 10. a3 Nbd7 11. Rc1 Qb6 12. h3 Bd6 13. cxd5 exd5 14. e4 Bh7 15. Nd4 Nc5 16. Qc2 Nfd7 17. Nf5 Bxf5 18. exf5 Qa6 19. d4 Nd3 20. Rb1 Nxb2 21. Qxb2 Qd3 22. b4 axb4 23. axb4 Qxf5 24. b5 Ra4 25. bxc6 bxc6 26. Nf3 Rb8 27. Qc1 Rxb1 28. Qxb1 Qxb1 29. Rxb1 Rc4 30. h4 Nf8 31. Bf1 Rc3 32. Kg2 Ne6 33. Rb6 g6 34. Ra6 Kg7 35. Be2 Be7 36. Ra7 Bf6 37. Ra4 Rc2 38. Bd3 Rb2 39. Ba6 c5 40. Ra5 c4 41. Rxd5 c3 42. Rd6 c2 43. Rc6 Nxd4 44. Nxd4 Bxd4 45. Bd3 c1Q 46. Rxc1 Rxf2+ 47. Kh3 Rf3 48. Be4 Re3 49. Bd5 Be5 50. Rg1 f5 51. Kh2 g5 52. hxg5 hxg5 53. Bc6 g4 54. Bd7 Kg6 55. Bc8 Kg5 56. Bd7 Rc3 57. Be6 Rc6 58. Bd5 Rh6+ 59. Kg2 Rh3 60. Kf1 Bxg3 61. Rh1 Rxh1+ 62. Bxh1 f4 63. Be4 f3 64. Bc2 Kf4 65. Bb3 Bh2 66. Be6 g3 67. Bh3 Ke3 68. Bg2 fxg2+ 69. Kxg2 Kf4 70. Kh1 Kg4 71. Kg2 Kh4 72. Kh1 Bg1 1/2-1/2

[Event "HUN-ch U12"]
[Site "Balatonlelle"]
[Date "2019.06.26"]
[Round "7"]
[White "Makay, Mark Janos"]
[Black "Herczeg, Marcell"]
[Result "1/2-1/2"]
[WhiteElo "1354"]
[BlackElo "1783"]
[PlyCount "48"]
[EventDate "2019.06.21"]
[EventType "swiss"]
[EventRounds "9"]
[EventCountry "HUN"]
[SourceTitle "CBM 191 Extra"]
[Source "ChessBase"]
[SourceDate "2019.09.30"]
[SourceVersion "1"]
[SourceVersionDate "2019.09.30"]
[SourceQuality "1"]

1. e4 e5 2. Nf3 Nc6 3. Bc4 Bc5 4. c3 Nf6 5. d4 exd4 6. e5 d5 7. Bb5 Ne4 8. cxd4 Bb4+ 9. Bd2 Nxd2 10. Nbxd2 0-0 11. Bxc6 bxc6 12. Rc1 Bd7 13. 0-0 Re8 14. a3 Ba5 15. Nb3 Bb6 16. Nc5 Bxc5 17. Rxc5 Re6 18. Ne1 Rg6 19. f4 Bf5 20. Nf3 Rb8 21. b4 Rb6 22. Qe1 Bd3 23. Rf2 Ra6 24. Rc3 Bf5 1/2-1/2

[Event "HUN-ch U12"]
[Site "Balatonlelle"]
[Date "2019.06.25"]
[Round "6"]
[White "Szegedy, Matyas"]
[Black "Makay, Mark Janos"]
[Result "1-0"]
[WhiteElo "1806"]
[BlackElo "1354"]
[PlyCount "87"]
[EventDate "2019.06.21"]
[EventType "swiss"]
[EventRounds "9"]
[EventCountry "HUN"]
[SourceTitle "CBM 191 Extra"]
[Source "ChessBase"]
[SourceDate "2019.09.30"]
[SourceVersion "1"]
[SourceVersionDate "2019.09.30"]
[SourceQuality "1"]

1. e4 c5 2. Nf3 e6 3. c3 Nf6 4. e5 Nd5 5. d4 cxd4 6. cxd4 d6 7. a3 Nc6 8. Bd3 Be7 9. 0-0 0-0 10. Nc3 Nxc3 11. bxc3 dxe5 12. dxe5 Qc7 13. Qe2 b6 14. Re1 Bb7 15. Bg5 Nd4 16. Nxd4 Bxg5 17. Nb5 Qc6 18. Be4 Qxe4 19. Qxe4 Bxe4 20. Rxe4 a6 21. Nd6 Be7 22. Rd1 b5 23. Kf1 Rfd8 24. Ke2 Ra7 25. Red4 Rad7 26. Nxb5 Rxd4 27. Nxd4 Bxa3 28. Rb1 Rc8 29. Kd3 Bc5 30. Ra1 Bxd4 31. Kxd4 Rc6 32. c4 Kf8 33. Rb1 Ke7 34. Rb7+ Ke8 35. c5 g6 36. g3 Rc8 37. Kc4 Rd8 38. c6 Rd1 39. Kc5 Kd8 40. Rxf7 Rc1+ 41. Kd6 Rd1+ 42. Kxe6 a5 43. Rd7+ Rxd7 44. cxd7 1-0